Plywwod from plantation species: Present status and future research needs (Record no. 65199)

MARC details
000 -LEADER
fixed length control field 00710nam a2200133Ia 4500
100 ## - MAIN ENTRY--AUTHOR NAME
Personal name Mathews K C
245 #0 - TITLE STATEMENT
Title Plywwod from plantation species: Present status and future research needs
260 ## - PUBLICATION, DISTRIBUTION, ETC. (IMPRINT)
Name of publisher The Proceedings of National Seminar on Processing and Utilisation of Plantation Timbers and Bamboo, July 23-24 1998, IPIRTI, Bangalore, pp. 142-150.
Year of publication 1998
520 ## - SUMMARY, ETC.
Summary, etc In view of the dwindling Forest resources and non-availability of traditional timbers plywood industry in India has been experiencing acute shortage of timber for plywood manufacture. Hence studies were undertaken
700 ## - ADDED ENTRY--PERSONAL NAME
Personal name Narayanaprasad T R
700 ## - ADDED ENTRY--PERSONAL NAME
Personal name Zoolagud S S
942 ## - ADDED ENTRY ELEMENTS (KOHA)
Koha item type Journals
Holdings
Withdrawn status Lost status Damaged status Not for loan Home library Current library Shelving location Date acquired Koha item type
      Journals RRII Library RRII Library Rubber general 17/12/2021 Journals